Lý thuyết và kỹ thuật anten /

Guardat en:
Dades bibliogràfiques
Autor principal: Phan Anh, GS.TSKH
Format: Llibre
Idioma:Vietnamese
Publicat: Khoa học và kỹ thuật 2000
Etiquetes: Afegir etiqueta
Sense etiquetes, Sigues el primer a etiquetar aquest registre!
Thư viện lưu trữ: Mạng thư viện Đại học Đà Nẵng
LEADER 00631nam a2200265 4500
001 000028044
003 PH-AA
005 20150403120000.0
008 150403s vm 000 vie
020 |c 0,0000 
040 |a notts 
100 |a Phan Anh, GS.TSKH 
245 |a Lý thuyết và kỹ thuật anten /  |c Phan Anh. 
260 |b Khoa học và kỹ thuật  |c 2000 
OWN |a LTT 
999 |a From the UDN01 
TYP |a Monograph 
TYP |a Printed language 
980 |a Mạng thư viện Đại học Đà Nẵng